Normal view MARC view
  • Meirieu, Philippe,

Entry Nombre Personal

Number of records used in: 10

001 - NUMERO DE CONTROL

  • campo de control: 29254

003 - IDENTIFICADOR DE NUMERO DE CONTROL

  • campo de control: DLC

005 - FECHA Y HORA DE LA ÜLTIMA TRANSACCIÓN

  • campo de control: 20241105084111.0

008 - DATOS DE LONGITUD FIJA

  • campo de control de longitud fija: 850731n| azannaabn |n aaa

010 ## - NÚMERO DE CONTROL DE LA BIBLIOTECA DEL CONGRESO

  • Número de control LC: n 85127626

035 ## - NUMERO DE CONTROL

  • Número de control: (OCoLC)oca01383059

040 ## - FUENTE DE CATALOGACIÓN

  • Agencia original de catalogación: DLC
  • Lenguaje de catalogación: spa
  • Description conventions: rda
  • Agencia de transcripción: DLC
  • Agencia que lo modifica: PU
  • Agencia que lo modifica: MX-MxUPN

100 1# - ENCABEZAMIENTO - NOMBRE PERSONAL

  • Nombre personal: Meirieu, Philippe,
  • Fechas asociadas con el nombre: 1949-

670 ## - FUENTE EN LA QUE SE LOCALIZARON DATOS

  • Cita de la fuente: Itinéraire des pédagogies de groupe, 1984:
  • Información localizada: portada (Philippe Meirieu) solapa (b. 1949; docteur ès lettres et sciences humaines)

670 ## - FUENTE EN LA QUE SE LOCALIZARON DATOS

  • Cita de la fuente: Pedagogía : el deber de resistir, 2020:
  • Información localizada: portada (Philippe Meirieu)

902 ## - CATALOGADOR

  • Catalogador: Víctor Ruiz/051124